000 02100cam a22005654i 4500
003 PE-LiUPU
005 20250731180153.0
008 150706s2013 r 000 0 d
020 _a9786071715616
035 _a(Sirsi) i9786071715616
040 _aPE-LiUPU
_bspa
_cPE-LiUPU
_erda
049 _aPRUA
082 0 4 _a551.5
_bA94
_221
100 1 _aAyllón, Teresa,
_eautor.
245 1 0 _aElementos de meteorología y climatología /
_cTeresa Ayllón.
250 _a3a ed.
264 1 _aMéxico :
_bTrillas,
_c2013.
300 _a215 páginas :
_bilustraciones ;
_c24 cm.
336 _atext
_2rdacontent
337 _aunmediated
_2rdamedia
338 _avolume
_2rdacarrier
500 _aSistema de presión atmosférica: en la cubirtaContaminación y cambios climáticosPrecipitaciónCirculación general del aire.
504 _aIncluye bibliografía.
505 0 _aLa ciencia meteorológica -- La atmósfera -- Radiación solar -- Temperatura del aire -- Procesos adiabáticos -- Presión atmosférica -- El viento -- Meteorología tropical -- Humedad del aire -- Masas de aire y frentes -- Meteorología agrícola -- Climatología.
526 _aSEG44
526 _aSEG26
526 _aP159
526 _aP155
526 _aP154
526 _aP153
526 _aP150
526 _aP100
526 _aP31
526 _aP30
526 _aP26
526 _aP25
526 _aP24
526 _aP22
526 _aP15
526 _aP10
541 _g015-0016192;
650 0 4 _aMeteorogía.
650 0 4 _aClimatología.
_92244
910 _agl
_cng
_d20131119
942 _2ddc
_cBOOK
949 _a551.5 A94
_wDEWEY
_c1
_i69159
_lCCODEBUL1
_mBUL
_p26.00
_r0
_sY
_tBOOK
_u2015-7-6
_xINGENIERIA
_PP24
_o.STAFF. Colección General
994 _aC0
_bPEPRU
596 _a1
999 _a551.5 A94
_wDEWEY
_c56197
_i69159
_d56197
_e2019-7-24
_f2021-11-9
_g7
_lCCODEBUL1
_mBUL
_n10
_p26.00
_q3
_r0
_sY
_tBOOK
_u2015-7-6
_xINGENIERIA
_PP24
_0COMPRA
_o.STAFF. Colección Ingenieria y Arquitectura
980 _81
_gALBERTO SANCHEZ Responsable de Automatización